Arsenal FC 2020-2021 Squad - Statistics

General Stats
  • This quiz has been taken 415 times
  • The average score is 23 of 32
Answer Stats
Position Kit Number Nationality Answer % Correct
GK #1 Germany Bernd Leno
98%
Manager N/A Spain Mikel Arteta
96%
DEF #3 Scotland Kieran Tierney
90%
FOR (c) #14 Gabon Pierre-Emerick Aubameyang
90%
DEF #2 Spain Héctor Bellerín
88%
FOR #9 France Alexandre Lacazette
87%
MID #7 England Bukayo Saka
87%
MID #34 Switzerland Granit Xhaka
86%
MID #25 Egypt Mohamed Elneny
83%
MID #18 Ghana Thomas Partey
83%
MID #10 Germany Mesut Özil
82%
FOR #19 Ivory Coast Nicolas Pépé
82%
DEF #5 Greece Sokratis Papastathopoulos
81%
DEF #6 Brazil Gabriel
80%
FOR #35 Brazil Gabrielle Martinelli
79%
DEF #16 England Rob Holding
74%
DEF #31 Bosnia Sead Kolašinac
74%
DEF #23 Brazil David Luiz
73%
DEF #20 Germany Shkodran Mustafi
72%
DEF #17 Portugal Cédric Soares
70%
MID #32 England Emile Smith-Rowe
67%
MID #8 Spain Dani Ceballos
64%
FOR #30 England Eddie Nketiah
62%
DEF #21 England Calum Chambers
60%
DEF #4 France William Saliba
59%
FOR #12 Brazil Willian
57%
DEF #22 Spain Pablo Marí
56%
GK #13 Iceland Rúnar Alex Rúnarsson
55%
DEF #15 England Ainsley Maitland-Niles
54%
FOR #24 England Reiss Nelson
50%
MID #28 England Joseph Willock
44%
GK #33 England Matt Macey
32%
No matching quizzes found
Score Distribution
Percent of People with Each Score
Percentile by Number Answered
Your Score History
You have not taken this quiz